| 000 | 00503nam a2200181Ia 4500 | ||
|---|---|---|---|
| 003 | IN-BaIIA | ||
| 008 | 211028s9999 xx 000 0 eng d | ||
| 040 | _cIIA Library | ||
| 080 |
_a535 _bTAY |
||
| 100 |
_aTaylor, Dennis H. _92001 |
||
| 245 | 2 |
_aA system of applied optics _cDennis H. Taylor |
|
| 260 |
_aLondon _bMacmillan _c1906 |
||
| 300 | _axvi,334p | ||
| 650 |
_aApplied Optics _92002 |
||
| 650 | _aNASA Thesaurus | ||
| 650 |
_aOptics _92003 |
||
| 942 | _cBK | ||
| 999 |
_c934 _d934 |
||